Nba 2k17 highest rated players (start of game) - Statistics

General Stats
  • This quiz has been taken 2,867 times
  • The average score is 20 of 34
Answer Stats
Rating Player % Correct
96 LeBron James
100%
94 Stephen Curry
99%
93 Kevin Durant
96%
93 Russell Westbrook
91%
90 James Harden
85%
90 Klay Thompson
83%
91 Chris Paul
80%
93 Kawhi Leonard
80%
89 Kyrie Irving
80%
90 Anthony Davis
77%
90 Draymond Green
76%
89 Paul George
69%
90 DeMarcus Cousins
68%
87 Blake Griffin
66%
89 Damian Lillard
63%
88 Carmelo Anthony
62%
87 Dwyane Wade
62%
88 Jimmy Butler
61%
89 John Wall
57%
87 DeMar DeRozan
56%
85 DeAndre Jordan
55%
88 Karl Anthony-Towns
53%
86 Kyle Lowry
53%
85 Isaah Thomas
52%
85 Marc Gasol
48%
88 LaMarcus Aldridge
45%
87 Andre Drummund
40%
85 Kemba Walker
35%
85 Mike Conley
34%
86 Paul Millsap
34%
86 Chris Bosh
32%
86 Hasan Whiteside
28%
85 Eric Bledsoe
17%
85 Derick Favours
2%
No matching quizzes found
Score Distribution
Percent of People with Each Score
Percentile by Number Answered
Your Score History
You have not taken this quiz